Cing tak sombong lagi (Record no. 56313)

MARC details
000 -LEADER
fixed length control field 00750nam a2200265 i 4500
001 - CONTROL NUMBER
control field C2-0241185
003 - CONTROL NUMBER IDENTIFIER
control field PPAK
005 - DATE AND TIME OF LATEST TRANSACTION
control field 20180727203703.0
008 - FIXED-LENGTH DATA ELEMENTS--GENERAL INFORMATION
fixed length control field 020731s2002 my a|||| ||||| | may d
020 ## - INTERNATIONAL STANDARD BOOK NUMBER
International Standard Book Number 9831433963
040 ## - CATALOGING SOURCE
Original cataloging agency PPAK
Language of cataloging eng
Transcribing agency PPAK
Description conventions rda
082 04 - DEWEY DECIMAL CLASSIFICATION NUMBER
Classification number 499.2386
Edition number 23
090 00 - LOCALLY ASSIGNED LC-TYPE CALL NUMBER (OCLC); LOCAL CALL NUMBER (RLIN)
Classification number (OCLC) (R) ; Classification number, CALL (RLIN) (NR) 499.2386
Feature heading NOR
Feature heading K
100 0# - MAIN ENTRY--PERSONAL NAME
Personal name Norazilina Mohamad,
Relator term author
245 10 - TITLE STATEMENT
Title Cing tak sombong lagi
264 #1 - PRODUCTION, PUBLICATION, DISTRIBUTION, MANUFACTURE, AND COPYRIGHT NOTICE
Place of production, publication, distribution, manufacture Petaling Jaya, Selangor :
Name of producer, publisher, distributor, manufacturer Mega Setia Emas ,
Date of production, publication, distribution, manufacture, or copyright notice 2002
300 ## - PHYSICAL DESCRIPTION
Extent [22 pages] :
Other physical details colour illustrations ;
Dimensions 21 cm
336 ## - CONTENT TYPE
Source rdacontent
Content type term text
337 ## - MEDIA TYPE
Source rdamedia
Media type term unmediated
338 ## - CARRIER TYPE
Source rdacarrier
Carrier type term volume
490 1# - SERIES STATEMENT
Series statement Siri citra fauna
650 10 - SUBJECT ADDED ENTRY--TOPICAL TERM
Topical term or geographic name entry element Bahasa Melayu - Readers
830 #0 - SERIES ADDED ENTRY--UNIFORM TITLE
Uniform title Siri citra fauna
942 ## - ADDED ENTRY ELEMENTS (KOHA)
-- dc
Koha item type Book
Holdings
Withdrawn Not for loan Current library Shelving location Date acquired Total Checkouts Full call number Barcode Date last seen Date last checked out Koha item type
    Perpustakaan Baling Pinjaman Kanak-kanak 29/04/2003 1 K 499.2386 NOR A01027439 23/11/2024 20/11/2024 Book
    Perpustakaan Baling Pinjaman Kanak-kanak 29/04/2003 1 K 499.2386 NOR A01027440 18/11/2019 29/10/2019 Book
    Perpustakaan Bandar Baharu Pinjaman Kanak-kanak 31/07/2002   K 499.2386 NOR A01005971 08/05/2018   Book
    Perpustakaan Kulim Pinjaman Kanak-kanak 31/07/2002 3 K 499.2386 NOR A01005969 12/02/2024 20/01/2024 Book
    Bergerak 1, Alor Setar Pinjaman Kanak-kanak 31/07/2002   K 499.2386 NOR A01005973 08/05/2018   Book
    Bergerak 3, Baling Pinjaman Kanak-kanak 31/07/2002   K 499.2386 NOR A01005975 08/05/2018   Book
    PD18, Kg. Wang Tepus, Jitra Pinjaman Kanak-kanak 31/07/2002   K 499.2386 NOR A01005978 08/05/2018   Book
    PD20, Felda Lubuk Merbau, Pendang Pinjaman Kanak-kanak 31/07/2002   K 499.2386 NOR A01005979 08/05/2018   Book
    PD21, Kg. Tengah, Jerlun Pinjaman Kanak-kanak 31/07/2002   K 499.2386 NOR A01005980 08/05/2018   Book
    PD23, Taman Mas Merah, Titi Gajah, Alor Setar Pinjaman Kanak-kanak 31/07/2002   K 499.2386 NOR A01005982 08/05/2018   Book
    PD25, KEDA Batu 13, Pokok Sena Pinjaman Kanak-kanak 31/07/2002   K 499.2386 NOR A01005984 08/05/2018   Book
    PD27, Kg. Bendang Bukit, Pendang Pinjaman Kanak-kanak 31/07/2002   K 499.2386 NOR A01005986 08/05/2018   Book
    PD28, Kg. Paya Kerchut, Pendang Pinjaman Kanak-kanak 31/07/2002   K 499.2386 NOR A01005987 08/05/2018   Book